00271nam a2200109Ia 4500008004100000082001300041100001700054245003000071260003800101300000600139650001600145191201s2005 xx 000 0 und d a004bLEI aLEON, Alexis 0aIntroduction to Computers aN.DelhibLeon Press Chennaic2005 a- aB.Tech(CSE)